000 01126nmm a2200385 a 4500
003 AR-BaBNM
005 20251128211320.0
008 054020s2003 ||||||||||||||000 | spa||
020 _a987-9020-29-4
040 _cAR-BaBNM
100 1 _aDi Marco, Graciela
245 1 0 _aMovimientos sociales en la Argentina
_basambleas : la politización de la sociedad civil
260 _aBuenos Aires
_bUniversidad Nacional de General San Martín
_bJorge Baudino
_c2003
300 0 _a263 p.
_btablas, il.
650 4 _aHISTORIA ARGENTINA
650 4 _aDERECHOS HUMANOS
650 4 _aHISTORIA SOCIAL
650 4 _aSIGLO VEINTIUNO
650 4 _aIDEOLOGIAS POLITICAS
650 4 _aPOLITICA SOCIAL
650 4 _aMOVIMIENTOS SOCIALES
650 4 _aMOVIMIENTOS DE PROTESTA
650 4 _aDESEMPLEO
650 4 _aCOOPERATIVAS
651 4 _aArgentina
651 4 _aAmérica Latina
653 _aCACEROLAZO
653 0 _aASAMBLEAS BARRIALES
700 1 _aPalomino, Héctor
700 1 _aAltamirano, Ramón
700 1 _aMéndez, Susana
700 1 _aLibchaber de Palomino, Mirta
942 _cBK
998 _cMariana
999 _c19123
_d19123